Kruhy starých Slovanov

Bibliographic Details
Main Author: Kuzmišín, Peter, 1976- (Author, Illustrator)
Format: Book
Language:Slovak
PhysicalDescription:394 strán ilustrácie 24 cm
Published: Bratislava Alexander Giertli - Eugenika Pbl. 2019
ISBN:9788081006043
Subjects:

MARC

LEADER 00000nam a2200000 4500
001 vtls011555626
003 SK-MaSNL
005 20260301225312.0
008 210624s2019 xo a f 010 j slo
015 |a SNBA2020/01 
020 |a 9788081006043  |q (brožované) 
035 |a 7909F418-DD08-4135-8E85-51E369B3062F 
035 |a urn:nbn:sk:snk-am3idf0 
035 |a urn:nbn:sk:snk-am00e4bp 
040 |a SNK  |b slo  |c SNK  |e rda 
041 0 |a slo 
044 |a xo  |c SK 
072 7 |a 25  |x Náboženstvo, mytológia, kulty  |2 konspekt 
080 |a 257.7  |2 2011 
080 |a 2-162.4  |2 2011 
080 |a 821-32  |2 2011 
080 |a 7.046.1  |2 2011 
080 |a (=16)  |2 2011 
080 |a (048.8)  |2 2011 
100 1 |a Kuzmišín, Peter,  |d 1976-  |4 aut  |4 ill  |9 176421 
245 1 0 |a Kruhy starých Slovanov  |c Peter Weleslaw Kuzmišín 
246 3 4 |a Kolobeh roka a života našich predkov 
264 1 |a Bratislava  |b Alexander Giertli - Eugenika Pbl.  |c 2019 
300 |a 394 strán  |b ilustrácie  |c 24 cm 
336 |a text  |b txt  |2 rdacontent 
337 |a bez média  |b n  |2 rdamedia 
338 |a zväzok  |b nc  |2 rdacarrier 
500 |a Ilustroval Peter Kuzmišín 
500 |a Podnázov prebratý z obálky 
504 |a Bibliografia na strane 392-394 
650 0 7 |a Slovania  |2 SNKPH  |9 18587 
650 0 7 |a bohovia  |2 SNKPH  |9 49839 
650 0 7 |a mytológia  |2 SNKPH  |9 18133 
650 0 7 |a Slavs  |2 SNKNBeng  |9 297567 
650 0 7 |a Gods  |2 SNKPHeng  |9 339634 
650 0 7 |a Mythology  |2 SNKPHeng  |9 310561 
650 0 7 |a Slavic mythology  |2 SNKPHeng  |9 322442 
650 0 7 |a Slavic religions  |2 SNKPHeng  |9 424068 
650 0 7 |a slovanská mytológia  |2 SNKPH  |9 66207 
650 0 7 |a slovanské náboženstvá  |2 SNKPH  |9 83025 
655 7 |a monografie  |2 SNKPH  |9 70139 
655 7 |a Monographs  |2 SNKPHeng  |9 120675 
852 |a Štátna vedecká knižnica v Banskej Bystrici 
919 |a 978-80-8100-604-3 
958 |a NB 
958 |a NT 
999 |c 950402  |d 952332 
952 |a SNK  |b SNK  |y PREZ  |7 0  |p 17A1392364  |o snkSC 186460  |i snk2019/28591  |8 0  |0 0  |1 0  |4 0  |d 2019-11-07  |f 1  |l 0  |r 2026-02-24 09:46:36  |w 2026-02-24 
952 |a SNK  |b SNK  |y VYP  |7 0  |p 17A1392365  |o snkSC 186460 D1  |i snk2019/28592  |8 0  |0 0  |1 0  |4 0  |d 2019-11-07  |l 0  |r 2026-02-24 09:46:36  |w 2026-02-24